000 00269nam a22001217a 4500
008 170426b xxu||||| |||| 00| 0 eng d
041 _aeng
080 _a547
100 _a12
101 _ashm
245 _aorganic reaction mechanism
_cbreslow.r
942 _2udc
_cBK
999 _c12128
_d12128